اتفاق المباني افتراق المعاني : (رقم التسجيلة. 137114)
[ عرض عادي ]
| 000 -الفاتح | |
|---|---|
| عناصر البيانات ثابتة الطول | 00895cam a2200193 i 4500 |
| 005 - تاريخ ووقت آخر معاملة | |
| حقل ضبط | 20260223110901.0 |
| 008 - عناصر البيانات ثابتة الطول | |
| عناصر البيانات ثابتة الطول | 250721s2013 le gr 000 0 ara d |
| 020 ## - الترقيم الدولي المعياري للكتب (ردمك) | |
| الترقيم الدولي المعياري للكتب (ردمك) | 2745168221 |
| 082 14 - رقم تصنيف ديوي العشري | |
| رقم التصنيف | 414.1 |
| رقم المادة | د ق ي |
| 100 1# - مدخل رئيسي – اسم شخصي | |
| الاسم الشخصي | الدقيقي،تقى الدين |
| علاقة الشخص بالعمل/ دوره | مؤلف. |
| 245 10 - بيان العنوان | |
| العنوان | اتفاق المباني افتراق المعاني : |
| بقية العنوان | وهو كتاب لغوي يبحث في مباني ومعاني الالفاظ مما اختلف لفظه / |
| بيان المسؤولية | تأليف تقي الدين الدقيقي، سليمان بن بنين بن خلف بن عوض اللغوي. |
| 264 31 - بيانات النشر، التوزيع…إلخ | |
| مكان النشر، التوزيع...إلخ | بيروت : |
| اسم الناشر، الموزع...إلخ | دار الكتب العلمية، |
| تاريخ النشر، التوزيع...إلخ | 2013. |
| 300 ## - الوصف المادي | |
| عدد الوحدات المكونة للوعاء | 192صفحة. |
| 650 17 - مدخل إضافي بالموضوع - مصطلح موضوعي | |
| مصطلح موضوعي أو اسم جغرافي كعنصر مدخل | اللغة العربية. |
| 650 17 - مدخل إضافي بالموضوع - مصطلح موضوعي | |
| مصطلح موضوعي أو اسم جغرافي كعنصر مدخل | علم المعاني. |
| 700 1# - مدخل إضافي - اسم شخصي | |
| الاسم الشخصي | اللغوي،سليمان بن بنين بن خلف بن عوض |
| علاقة الشخص بالعمل/ دوره | مؤلف. |
| 942 ## - بيانات إضافية (كوها) | |
| نوع التنصيف | Dewey Decimal Classification |
| نوع المادة (كوها) | كتب |
| حالة السحب | حالة الفقدان | مصدر التصنيف | حالة التلف | غير قابل للإعارة | المكتبة الرئيسية | المكتبة الحالية | موقع الرف | تاريخ التزويد | الرقم المتسلسل | Total Checkouts | رقم الإستدعاء | الباركود | تاريخ آخر ظهور | تاريخ الفاتورة | نوع المادة (كوها) |
|---|---|---|---|---|---|---|---|---|---|---|---|---|---|---|---|
| Dewey Decimal Classification | المكتبة المركزية | المكتبة المركزية | الإعارة | 28/07/2025 | 1678996 | 414.1/ د ق ي | PLD00417907 | 28/07/2025 | 28/07/2025 | كتب | |||||
| Dewey Decimal Classification | مكتبة البراعم الواعدة | مكتبة البراعم الواعدة | الإعارة | 29/08/2018 | 1678997 | 414.1/دقي | PLD00428845 | 28/07/2025 | 29/08/2018 | كتب | |||||
| Dewey Decimal Classification | مكتبة الجويدة | مكتبة الجويدة | الإعارة | 29/08/2018 | 1678999 | 414.1/دقي | PLD00428847 | 28/07/2025 | 29/08/2018 | كتب | |||||
| Dewey Decimal Classification | مكتبة بيت السينما | مكتبة بيت السينما | الإعارة | 01/10/2018 | 1689655 | 414.1/دقي | PLD00434918 | 28/07/2025 | 01/10/2018 | كتب |